| 000 | 00000nam##2200000za#4500 |
| 001 | 9.579975 |
| 003 | CaOODSP |
| 005 | 20210624190821 |
| 007 | cr ||||||||||| |
| 008 | 150406|2004||||xxc|||||o f|0| 0 eng|d |
| 022 | |a1488-5387 |
| 040 | |aCaOODSP|beng |
| 043 | |an-cn--- |
| 086 | 1 |aFs97-4/2670E-PDF |
| 110 | 1 |aCanada. |bDepartment of Fisheries and Oceans. |
| 245 | 13|aAn examination of recapture rates of lingcod as a potential source of bias in recreational catch per unit effort (CPUE) / |h[electronic resource]|cby J.R. King and D.R. Haggarty.— |
| 260 | |aNanaimo - British Columbia : |bFisheries and Oceans Canada |c2004. |
| 300 | |a20p.|breferences, tables |
| 490 | 1 |aCanadian manuscript report of fisheries and aquatic sciences|x1488-5387|vNo. 2670 |
| 500 | |aOn t.p.: Pacific Biological Station, Nanaimo, British Columbia. The catalogue number and ISSN for the print edition appear in the PDF version. |
| 546 | |a(Résumés en français) |
| 590 | |a14-13-Supp|b2014-06-23 |
| 720 | 1 |aHaggarty, D. R. |
| 720 | 1 |aKing, J. R. |
| 776 | 0#|tAn examination of recapture rates of Lingcod as a potential source of bias in recreational Catch Per Unit Effort (CPUE) / |w(CaOODSP)9.616929 |
| 830 | #0|aCanadian manuscript report of fisheries and aquatic sciences,|x1488-5387|vNo. 2670|w(CaOODSP)9.505211 |
| 856 | 40|ahttp://publications.gc.ca|qPDF|s1795 KB|uhttps://publications.gc.ca/collections/collection_2014/mpo-dfo/Fs97-4-2670-eng.pdf|yNo. 2670 |